Kraje z Niemieckim Językiem Urzędowym - Statystyki

Ogólne statystyki
  • Ten quiz został rozwiązany 281 razy
  • Średni wynik to 6 z 6
Statystyki odpowiedzi
Kraje % Poprawnych
Niemcy
99%
Szwajcaria
98%
Austria
97%
Liechtenstein
91%
Belgia
86%
Luksemburg
85%
Nie znaleziono quizów pasujących do podanych kryteriów
Rozkład punktacji
Procent ludzi z każdym wynikiem
Percentyl według liczby udzielonych odpowiedzi
Twoja historia wyników
Nie rozwiązałeś tego quizu